[Event "FRA-chT3 Gr5 "]
[Site "Bretagne"]
[Date "2006.??.??"]
[Round "5.4"]
[White "Bidon, Sebastien"]
[Black "Duplessy, Franck"]
[Result "1/2-1/2"]
[WhiteElo "2108"]
[BlackElo "2064"]
[PlyCount "116"]
[EventDate "2006.??.??"]
[EventType "team"]
[EventRounds "9"]
[EventCountry "FRA"]
[SourceTitle "EXT 2007"]
[Source "ChessBase"]
[SourceDate "2006.11.23"]
[SourceVersion "1"]
[SourceVersionDate "2006.11.23"]
[SourceQuality "1"]

1. d4 e6 2. c3 b6 3. e4 Bb7 4. Nd2 Ne7 5. Bd3 g6 6. Ne2 Bg7 7. 0-0 0-0 8. f4 f5 9. Ng3 fxe4 10. Bxe4 d5 11. Bd3 c5 12. Nf3 Nbc6 13. Be3 Qd6 14. Qd2 Nf5 15. Nxf5 exf5 16. Rae1 a6 17. Qf2 c4 18. Bb1 b5 19. Qh4 Rae8 20. Ne5 Bc8 21. Rf3 Qf6 22. Qf2 Nd8 23. Bc1 Qb6 24. Bd2 Ne6 25. Qh4 Bf6 26. Qh6 Bg7 27. Qh4 Bf6 28. Qf2 a5 29. Kh1 Ng7 30. Rf1 Be7 31. h3 b4 32. g4 Bd6 33. Qh4 bxc3 34. Bxc3 Bxe5 35. fxe5 Be6 36. Qg5 Kh8 37. Bc2 Qc7 38. Qd2 Ra8 39. Qg5 Qd8 40. Qh6 Ra7 41. h4 Raf7 42. R3f2 Kg8 43. h5 Qh4+ 44. Rh2 Qxg4 45. Rf4 Qg3 46. hxg6 Qxg6 47. Rfh4 Ra7 48. Qxh7+ Qxh7 49. Rxh7 Kf7 50. Bd2 Rg8 51. R2h6 Rb7 52. Rf6+ Ke7 53. Bh6 Rxb2 54. Bxg7 Rxc2 55. Bh6+ Kd8 56. Rxe6 Rxa2 57. Ra6 Ra1+ 58. Kh2 Ra2+ 1/2-1/2

[Event "FRA-chT3 Gr5 "]
[Site "Bretagne"]
[Date "2006.??.??"]
[Round "8.4"]
[White "Picart, Laurent"]
[Black "Bidon, Sebastien"]
[Result "1/2-1/2"]
[WhiteElo "2061"]
[BlackElo "2108"]
[PlyCount "81"]
[EventDate "2006.??.??"]
[EventType "team"]
[EventRounds "9"]
[EventCountry "FRA"]
[SourceTitle "EXT 2007"]
[Source "ChessBase"]
[SourceDate "2006.11.23"]
[SourceVersion "1"]
[SourceVersionDate "2006.11.23"]
[SourceQuality "1"]
[WhiteTeam "Fouesnant"]
[WhiteTeamCountry "FRA"]

1. d4 d5 2. Nf3 Nf6 3. c4 e6 4. Nc3 c6 5. Bg5 Nbd7 6. e3 Qa5 7. cxd5 exd5 8. Nd2 Bb4 9. Qc2 h6 10. Bh4 0-0 11. Bd3 Re8 12. 0-0 g5 13. Bg3 Nh5 14. a3 Bf8 15. b4 Qd8 16. b5 Nxg3 17. hxg3 Nf6 18. a4 Be6 19. a5 Nd7 20. a6 Qc7 21. axb7 Qxb7 22. bxc6 Qxc6 23. Ra6 Qc7 24. Rc1 Rec8 25. Nb3 Nb8 26. Raa1 a5 27. Qa2 Nc6 28. Qa4 Bb4 29. Nb5 Qb6 30. Nc5 Na7 31. Nxa7 Rxa7 32. Nxe6 Qxe6 33. Qb5 Rac7 34. Rxc7 Rxc7 35. Qb8+ Rc8 36. Qb7 Qc6 37. Qxc6 Rxc6 38. g4 Kf8 39. Kh2 Ke7 40. Kg3 Rc3 41. Bb5 1/2-1/2

[Event "FRA-chT3 0405"]
[Site "France"]
[Date "2005.04.03"]
[Round "7.1"]
[White "Bidon, Sebastien"]
[Black "Bleunven, Andre"]
[Result "1-0"]
[WhiteElo "2150"]
[BlackElo "2249"]
[PlyCount "59"]
[EventDate "2004.10.10"]
[EventType "team"]
[EventRounds "9"]
[EventCountry "FRA"]
[SourceTitle "EXT 2007"]
[Source "ChessBase"]
[SourceDate "2006.11.23"]
[SourceVersion "1"]
[SourceVersionDate "2006.11.23"]
[SourceQuality "1"]

1. d4 Nf6 2. Bg5 e6 3. c3 c5 4. e3 cxd4 5. exd4 Be7 6. Nd2 b6 7. Ngf3 Bb7 8. Bd3 d6 9. Qe2 Nbd7 10. 0-0 0-0 11. Rad1 Re8 12. Rfe1 a6 13. h4 h6 14. Bf4 b5 15. Nf1 Rc8 16. N1h2 Nh5 17. Bc1 Bxh4 18. g4 e5 19. Bf5 Bxf2+ 20. Kxf2 Nhf6 21. dxe5 dxe5 22. g5 hxg5 23. Bxg5 Qb6+ 24. Be3 Qc6 25. Rg1 e4 26. Nd4 Qc7 27. Ng4 Nd5 28. Nh6+ Kf8 29. Qg4 gxh6 30. Bxd7 1-0

[Event "Fouesnant op 10th"]
[Site "Fouesnant"]
[Date "2004.10.30"]
[Round "9"]
[White "Bidon, Sebastien"]
[Black "Le Diouron, Aurelie"]
[Result "1-0"]
[WhiteElo "2060"]
[BlackElo "1991"]
[PlyCount "93"]
[EventDate "2004.10.23"]
[EventType "swiss"]
[EventRounds "9"]
[EventCountry "FRA"]
[SourceTitle "EXT 2007"]
[Source "ChessBase"]
[SourceDate "2006.11.23"]
[SourceVersion "1"]
[SourceVersionDate "2006.11.23"]
[SourceQuality "1"]

1. d4 Nf6 2. Bg5 Ne4 3. Bh4 c5 4. f3 g5 5. fxe4 gxh4 6. e3 Bh6 7. Qd3 Nc6 8. c3 Qb6 9. b3 d6 10. Nd2 Bd7 11. Ngf3 h3 12. g3 0-0-0 13. Nc4 Qc7 14. d5 Na5 15. Ncd2 b5 16. b4 Nb7 17. Nh4 e6 18. Bxh3 exd5 19. Bxd7+ Qxd7 20. exd5 Bxe3 21. Nf5 Bg5 22. 0-0 Bxd2 23. Qxd2 h5 24. Qf4 Rde8 25. Rae1 Rxe1 26. Rxe1 Re8 27. Rxe8+ Qxe8 28. Qe3 Qd7 29. Qg5 Qe8 30. Qe7 Qxe7 31. Nxe7+ Kd7 32. Nc6 a6 33. Kg2 Nd8 34. Nxd8 Kxd8 35. Kh3 Ke7 36. Kh4 cxb4 37. cxb4 Kf6 38. Kxh5 Ke5 39. Kg5 f6+ 40. Kg6 Kxd5 41. h4 Kc4 42. h5 d5 43. h6 d4 44. h7 d3 45. h8Q d2 46. Qh1 Kc3 47. Qd1 1-0

[Event "Fouesnant op 10th"]
[Site "Fouesnant"]
[Date "2004.10.25"]
[Round "4"]
[White "Yoccoz, Jean Christophe"]
[Black "Bidon, Sebastien"]
[Result "1-0"]
[WhiteElo "2165"]
[BlackElo "2060"]
[PlyCount "71"]
[EventDate "2004.10.23"]
[EventType "swiss"]
[EventRounds "9"]
[EventCountry "FRA"]
[SourceTitle "EXT 2007"]
[Source "ChessBase"]
[SourceDate "2006.11.23"]
[SourceVersion "1"]
[SourceVersionDate "2006.11.23"]
[SourceQuality "1"]

1. d4 e6 2. e4 d5 3. Nc3 Bb4 4. e5 b6 5. a3 Bf8 6. Nf3 h6 7. Bd3 Ba6 8. Ne2 Bxd3 9. Qxd3 Ne7 10. 0-0 Nf5 11. Be3 Be7 12. Nf4 g6 13. Rad1 h5 14. Nh3 Nxe3 15. fxe3 h4 16. Nd2 Bg5 17. Nxg5 Qxg5 18. Rf4 Qe7 19. Rdf1 Nd7 20. e4 g5 21. Rxf7 Qxf7 22. Rxf7 Kxf7 23. exd5 exd5 24. Qf5+ Ke7 25. Qxg5+ Kf7 26. c4 c6 27. Qf5+ Ke7 28. Qg6 Rac8 29. Qg7+ Ke6 30. Nf3 Rhg8 31. Qh6+ Kf5 32. Nxh4+ Ke4 33. Qh7+ Kxd4 34. Qxd7 Kxc4 35. e6 d4 36. e7 1-0

[Event "Fouesnant op 10th"]
[Site "Fouesnant"]
[Date "2004.10.24"]
[Round "3"]
[White "Bidon, Sebastien"]
[Black "Lavanant, Alexandre"]
[Result "1-0"]
[WhiteElo "2060"]
[BlackElo "1770"]
[PlyCount "101"]
[EventDate "2004.10.23"]
[EventType "swiss"]
[EventRounds "9"]
[EventCountry "FRA"]
[SourceTitle "EXT 2007"]
[Source "ChessBase"]
[SourceDate "2006.11.23"]
[SourceVersion "1"]
[SourceVersionDate "2006.11.23"]
[SourceQuality "1"]

1. d4 Nf6 2. Bg5 c5 3. Bxf6 exf6 4. c3 d5 5. e3 Nc6 6. Bd3 Bd6 7. Nf3 0-0 8. 0-0 Re8 9. Nbd2 Be6 10. dxc5 Bxc5 11. Nd4 Ne5 12. Bc2 Qd7 13. Ba4 Nc6 14. Rc1 a6 15. Bxc6 bxc6 16. Qa4 Rec8 17. Rfd1 Bd6 18. c4 Qb7 19. c5 Be7 20. Rc3 Bd8 21. Rb3 Qd7 22. Rc1 a5 23. Rcc3 Ra7 24. Ra3 Rb7 25. Qc2 Rcb8 26. Rcb3 Qc8 27. Rxb7 Rxb7 28. Rb3 Bd7 29. Nb1 Qb8 30. Nc3 Rxb3 31. Qxb3 Qxb3 32. Nxb3 Be8 33. Na4 Kf8 34. Nb6 Be7 35. a4 f5 36. Kf1 g6 37. Ke2 h6 38. Kd3 Kg7 39. Nc8 Bd8 40. Nd6 Bd7 41. Nb7 Bc7 42. N7xa5 f4 43. exf4 Bxf4 44. Nd4 Kf8 45. Naxc6 Bc8 46. b4 Ke8 47. g3 Bc7 48. b5 Kd7 49. Na7 Bb8 50. Nxc8 Kxc8 51. Nc6 1-0

[Event "FRA-chT3 0405"]
[Site "France"]
[Date "2004.10.10"]
[Round "1.1"]
[White "Le Goff, Damien"]
[Black "Bidon, Sebastien"]
[Result "0-1"]
[WhiteElo "2116"]
[BlackElo "2060"]
[PlyCount "94"]
[EventDate "2004.10.10"]
[EventType "team"]
[EventRounds "9"]
[EventCountry "FRA"]
[SourceTitle "EXT 2007"]
[Source "ChessBase"]
[SourceDate "2006.11.23"]
[SourceVersion "1"]
[SourceVersionDate "2006.11.23"]
[SourceQuality "1"]

1. e4 e6 2. d4 d5 3. Nc3 Bb4 4. e5 b6 5. Qg4 Bf8 6. Bg5 Qd7 7. h4 Ba6 8. Bxa6 Nxa6 9. h5 h6 10. Be3 Nb8 11. Nge2 Ne7 12. Qh3 Nf5 13. g4 Nxe3 14. Qxe3 c5 15. 0-0-0 c4 16. f4 b5 17. Ng3 Be7 18. Nce2 b4 19. Kd2 Qa4 20. Nc1 Nc6 21. b3 Qb5 22. Ke1 c3 23. Nce2 a5 24. Qf3 a4 25. Nf1 axb3 26. axb3 Ra2 27. Ne3 Qa6 28. Kf2 Bd8 29. Kg3 Bb6 30. f5 Bd8 31. Nf4 0-0 32. Nh3 Qa7 33. Qf4 f6 34. Nxd5 exd5 35. Qf3 Qa5 36. Nf4 fxe5 37. dxe5 Nxe5 38. Qe2 d4 39. Rxd4 Bc7 40. Kh3 Nf7 41. Ng6 Ng5+ 42. Kh4 Qa8 43. Rf1 Re8 44. Qc4+ Kh7 45. Qxc7 Qg2 46. Qxg7+ Kxg7 47. f6+ Kg8 0-1